| 000 | 01168nam a2200277 a 4500 | ||
|---|---|---|---|
| 001 | 000025344 | ||
| 005 | 20200930023725.0 | ||
| 008 | 110215s2003 dr ac 000 0 spa d | ||
| 020 | _a9993483489824 | ||
| 040 |
_aDO-SdBNP _bspa _cBNPHU |
||
| 082 |
_a972.9382 _bS194p |
||
| 245 | 0 | 0 | _aSan Pedro de Macorís. |
| 260 |
_aSanto Domingo : _bBanreservas, _c2003. |
||
| 300 |
_a104 p. : _bil., retrs. ; _c26 cm. |
||
| 490 | 1 | _aFragmentos de patria | |
| 504 | _aBibliografía: p. 103-104 | ||
| 505 | 2 |
_tGeografía -- _tHistoria -- _tPoblación -- _tDeportes -- _tEconomía - _tTurismo -- _tCultura -- _tSociedades -- _tProyecciones. |
|
| 651 | 4 |
_aSan Pedro De Macorís (República Dominicana{Rpara} _xHistoria Local _97812 |
|
| 651 | 4 |
_aSan Pedro De Macorís (República Dominicana{Rpara} _xDescripciones Y Viajes _951898 |
|
| 651 | 4 |
_aSan Pedro De Macorís (República Dominicana{Rpara} _xVida Social Y Costumbres _97813 |
|
| 651 | 4 |
_aSan Pedro De Macorís (República Dominicana{Rpara} _xBiografías _924875 |
|
| 650 | 4 |
_aCiudades y pueblos _zRepública Dominicana _9784 |
|
| 830 | 0 |
_aFragmentos Patria _951899 |
|
| 910 | _aValidado. Control de calidad BNPHU | ||
| 049 | _aBNPD | ||
| 999 |
_c24836 _d24836 |
||